Wordt geladen...

Katha prize stories (v.7)

Bibliografische gegevens
Hoofdauteur: Geeta Dharmarajan (ed.)
Andere auteurs: Meenakshi Sharma (ed.)
Formaat: Printed Book
Gepubliceerd in: New Delhi Katha 2000
Onderwerpen:
LEADER 00663nam a22002051a 4500
020 |a 9788185586748  |c 0.00 
040 |a SSUS - Library - Kalady 
082 |a 823.01  |b GEE/K 
100 |a Geeta Dharmarajan (ed.) 
245 |a Katha prize stories (v.7)  |h [Text] 
260 |a New Delhi  |b Katha  |c 2000 
300 |a 207p. 
600 |a Literature 
600 |a Stories English  
600 |a Literature English 
700 |a Meenakshi Sharma (ed.) 
852 |h 823.01  |i GEE/K  |p 043623  |9 200.00  |t 0 
942 |c BK 
999 |c 23205  |d 23205 
952 |0 0  |1 0  |4 0  |6 823_010000000000000_GEE_K  |7 0  |9 32932  |a SSUS  |b SSUS  |d 2015-01-08  |g 200.00  |o 823.01 GEE/K  |p 043623  |r 2015-01-08  |v 0.00  |w 2015-01-08  |y BK